Obiekty UNESCO w Polsce (zdjęcia) - Statystyki

Ogólne statystyki
  • Ten quiz został rozwiązany 496 razy
  • Średni wynik to 7 z 16
Statystyki odpowiedzi
Obrazkowy Odpowiedź % Poprawnych
Auschwitz-Birkenau
84%
Stare miasto w Krakowie
67%
Stare miasto w Zamościu
67%
Puszcza Białowieska
66%
Stare miasto w Warszawie
65%
Hala Stulecia we Wrocławiu
59%
Kalwaria Zebrzydowska
54%
Zamek krzyżacki w Malborku
53%
Park mużakowski
48%
Drewniane kościoły południowej Małopolski
32%
Kościoły Pokoju w Jaworze i Świdnicy
29%
Krzemionki
27%
Średniowieczny zespół miejski Torunia
25%
Królewskie kopalnie soli w Wieliczce i Bochni
23%
Tarnowskie góry
11%
Drewniane Cerkwie w Polskim i Ukraińskim regionie Karpat
10%
Nie znaleziono quizów pasujących do podanych kryteriów
Rozkład punktacji
Procent ludzi z każdym wynikiem
Percentyl według liczby udzielonych odpowiedzi
Twoja historia wyników
Nie rozwiązałeś tego quizu